000 00878cab a2200253 4500
001 WB2909-16
008 090401t1993 xxu||||| |||| 00| 0 eng d
035 _a(Sirsi) u63013
041 _aeng
245 _aFunds want to alter way agents are paid
260 _c1993
350 _a0
490 _aEstates Times
_v(1178) 26 February 1993, 6(1)
520 _aThe National Association of Pension Funds (NAPF) in its "Visibility of investment management fees" report calls for fees paid for property advice to pension funds to be performance related rather than transaction based.
650 _aFEES
650 _aFINANCIAL INSTITUTIONS
650 _aINVESTMENT MANAGEMENT FEES
650 _aPENSION FUNDS
650 _aPERFORMANCE RELATED
650 _aTRANSACTION BASED
690 _aPROPERTY-PROPERTY FINANCE AND INVESTMENT
942 _n0
948 _c04/03/1997
999 _c39165
_d39165